Die merkwurdigen punkte und linien des ebenen dreiecks
Saved in:
| Main Author: | |
|---|---|
| Format: | Book |
| Language: | German |
| Published: |
Berlin :
Veb Deutscher Verlag der Wissenschaften,
1976
|
| Edition: | 3 aufl. |
| Series: | Kleine Erganzungsreihe zu den Hochschulbuchern fur Mathematik ;
; 20 |
| Subjects: | |
| Tags: |
Add Tag
No Tags, Be the first to tag this record!
|
MARC
| LEADER | 00000cam a2200000 i 4500 | ||
|---|---|---|---|
| 001 | 1/104488 | ||
| 008 | 090429s1976 ger d | ||
| 035 | |l 10104436 | ||
| 040 | |a GR-MY-UA |b gre |e aacr | ||
| 041 | 0 | |a ger | |
| 082 | 0 | |a 516 |2 (22) | |
| 100 | 1 | |a Donath, Eduard |d 1848- | |
| 245 | 1 | 4 | |a Die merkwurdigen punkte und linien des ebenen dreiecks / |c von E. Donath |
| 250 | |a 3 aufl. | ||
| 260 | |a Berlin : |b Veb Deutscher Verlag der Wissenschaften, |c 1976 | ||
| 300 | |a iv, 129 σ.; |b εικ.; |c 20 εκ. | ||
| 490 | 1 | |a Kleine Erganzungsreihe zu den Hochschulbuchern fur Mathematik |v ; 20 | |
| 650 | 0 | 0 | |a Geometry. |
| 830 | 0 | |a Kleine Erganzungsreihe zu den Hochschulbuchern fur Mathematik ; |v ; 20 | |
| 852 | |a INST |b SAMOS |c MAG |e 20090429 |h 516 DON |p 005300028892 |q 005300028892 |t BK |y 0 | ||
| 901 | |a BIBL3-2009-1 | ||
| 909 | |a Σ |b 156100 | ||
| 970 | |a ΣΙΤΖΙΜΗ |b ΓΙΑΣΕΜΗ |z 2009/04/29 | ||